Statistics for アイドルマスター シンデレラガールズのアイドル

Click here to take the quiz!

General Stats

  • This quiz has been taken 29 times
  • The average score is 140 of 190

Answer Stats

名前% Correct
宮本フレデリカ
100%
前川みく
100%
櫻井桃華
100%
一ノ瀬志希
100%
島村卯月
100%
川島瑞樹
95%
緒方智絵里
95%
高森藍子
95%
本田未央
95%
的場梨沙
95%
佐藤心
95%
神谷奈緒
95%
関裕美
95%
神崎蘭子
95%
渋谷凛
95%
水本ゆかり
95%
多田李衣菜
95%
赤城みりあ
95%
久川凪
95%
夢見りあむ
95%
久川颯
95%
五十嵐響子
95%
北条加蓮
95%
結城晴
95%
安部菜々
95%
小日向美穂
95%
中野有香
90%
道明寺歌鈴
90%
高垣楓
90%
ナターリア
90%
城ヶ崎美嘉
90%
アナスタシア
90%
佐々木千枝
90%
鷹富士茄子
90%
速水奏
90%
三船美優
90%
辻野あかり
90%
城ヶ崎莉嘉
90%
日野茜
90%
龍崎薫
90%
依田芳乃
90%
乙倉悠貴
90%
輿水幸子
90%
小早川紗枝
90%
黒埼ちとせ
90%
大槻唯
85%
桐生つかさ
85%
喜多日菜子
85%
片桐早苗
85%
鷺沢文香
85%
佐城雪美
85%
塩見周子
85%
橘ありす
85%
及川雫
85%
市原仁奈
85%
イヴ・サンタクロース
85%
諸星きらり
85%
新田美波
85%
二宮飛鳥
85%
相葉夕美
85%
藤原肇
85%
ヘレン
85%
ライラ
85%
大石泉
85%
森久保乃々
85%
堀裕子
85%
三村かな子
85%
星輝子
85%
椎名法子
85%
十時愛梨
85%
佐久間まゆ
85%
双葉杏
85%
古賀小春
85%
砂塚あきら
80%
難波笑美
80%
白坂小梅
80%
南条光
80%
藤本里奈
80%
八神マキノ
80%
小関麗奈
80%
浅利七海
80%
池袋晶葉
80%
向井拓海
80%
上条春菜
80%
遊佐こずえ
80%
荒木比奈
80%
白雪千夜
80%
野々村そら
75%
福山舞
75%
早坂美玲
75%
脇山珠美
75%
メアリー・コクラン
75%
望月聖
75%
木村夏樹
75%
西園寺琴歌
75%
村上巴
75%
横山千佳
75%
工藤忍
75%
大原みちる
75%
村松さくら
75%
ケイト
75%
喜多見柚
75%
和久井留美
70%
伊集院惠
70%
松尾千鶴
70%
安斎都
70%
浜口あやめ
70%
財前時子
70%
岡崎泰葉
70%
大沼くるみ
70%
高橋礼子
70%
姫川友紀
70%
楊菲菲
70%
篠原礼
70%
大西由里子
70%
相川千夏
70%
愛野渚
65%
矢口美羽
65%
土屋亜子
65%
吉岡沙紀
65%
上田鈴帆
65%
大和亜季
65%
首藤葵
65%
若林智香
65%
棟方愛海
65%
クラリス
65%
栗原ネネ
65%
赤西瑛梨華
65%
榊原里美
65%
白菊ほたる
65%
高峯のあ
65%
今井加奈
65%
西川保奈美
65%
柊志乃
65%
原田美世
65%
浅野風香
65%
冴島清美
60%
斉藤洋子
60%
綾瀬穂乃香
60%
柳瀬美由紀
60%
キャシー・グラハム
60%
仙崎恵磨
60%
日下部若葉
60%
三好紗南
60%
黒川千秋
60%
瀬名詩織
60%
海老原菜帆
60%
太田優
60%
藤居朋
60%
松永涼
60%
松本沙理奈
60%
奥山沙織
55%
井村雪菜
55%
有浦柑奈
55%
涼宮星花
55%
西島櫂
55%
松原早耶
55%
並木芽衣子
55%
水野翠
55%
桃井あずき
55%
氏家むつみ
55%
古澤頼子
55%
成宮由愛
55%
東郷あい
55%
衛藤美紗希
55%
小室千奈美
55%
北川真尋
55%
桐野アヤ
55%
木場真奈美
55%
岸部彩華
55%
相原雪乃
55%
柳清良
55%
相馬夏美
55%
杉坂海
55%
月宮雅
50%
服部瞳子
50%
間中美里
50%
水木聖來
50%
小松伊吹
50%
持田亜里沙
50%
松山久美子
50%
梅木音葉
50%
真鍋いつき
45%
江上椿
45%
槙原志保
45%
丹羽仁美
45%
沢田麻理菜
45%
長富蓮実
40%
浜川愛結奈
40%
兵藤レナ
40%

Score Distribution

Percentile by Number Answered

Percent of People with Each Score

Your Score History

You have not taken this quiz